<?xml version="1.0" encoding="UTF-8"?>
<collection xmlns="http://www.loc.gov/MARC21/slim">
 <record>
  <leader>02415nas a22003971  4500</leader>
  <controlfield tag="001">1/50535</controlfield>
  <controlfield tag="008">120628c19929999gr qrzp       0   a0eng d</controlfield>
  <datafield tag="022" ind1=" " ind2=" ">
   <subfield code="a">1106-4315</subfield>
  </datafield>
  <datafield tag="035" ind1=" " ind2=" ">
   <subfield code="l">45580</subfield>
  </datafield>
  <datafield tag="040" ind1=" " ind2=" ">
   <subfield code="a">DLC</subfield>
   <subfield code="b">GR-PeUP</subfield>
  </datafield>
  <datafield tag="090" ind1=" " ind2=" ">
   <subfield code="a">Αλφαβητική σειρά</subfield>
  </datafield>
  <datafield tag="245" ind1="0" ind2="2">
   <subfield code="a">Η Ελληνική Οικονομία</subfield>
  </datafield>
  <datafield tag="246" ind1="1" ind2="2">
   <subfield code="a">The Greek Economy</subfield>
  </datafield>
  <datafield tag="260" ind1=" " ind2=" ">
   <subfield code="a">Αθήνα :</subfield>
   <subfield code="b">Ίδρυμα Οικονομικών και Βιομηχανικών Ερευνών ,</subfield>
   <subfield code="c">1992 -</subfield>
  </datafield>
  <datafield tag="300" ind1=" " ind2=" ">
   <subfield code="a">τ. ;</subfield>
   <subfield code="c">30 εκ.</subfield>
  </datafield>
  <datafield tag="310" ind1=" " ind2=" ">
   <subfield code="a">Τριμηνιαία.</subfield>
  </datafield>
  <datafield tag="362" ind1="0" ind2=" ">
   <subfield code="a">Τχ. 1 (2011) -</subfield>
  </datafield>
  <datafield tag="546" ind1=" " ind2=" ">
   <subfield code="a">Αγγλική και Ελληνική.</subfield>
  </datafield>
  <datafield tag="651" ind1=" " ind2="0">
   <subfield code="a">Greece</subfield>
   <subfield code="x">Economic conditions</subfield>
   <subfield code="v">Periodicals.</subfield>
  </datafield>
  <datafield tag="651" ind1=" " ind2="0">
   <subfield code="a">Ελλάδα</subfield>
   <subfield code="x">Οικονομικές συνθήκες</subfield>
   <subfield code="v">Περιοδικά.</subfield>
  </datafield>
  <datafield tag="852" ind1=" " ind2=" ">
   <subfield code="a">INST</subfield>
   <subfield code="b">UNIPILB</subfield>
   <subfield code="c">SERIALS</subfield>
   <subfield code="e">20120628</subfield>
   <subfield code="h">Αλφαβητική σειρά</subfield>
   <subfield code="p">75863</subfield>
   <subfield code="q">75863</subfield>
   <subfield code="t">LOAN</subfield>
   <subfield code="v">τεύχ.63:(Μήνας)Μάρτιος;(Έτος)2011</subfield>
   <subfield code="y">0</subfield>
  </datafield>
  <datafield tag="852" ind1=" " ind2=" ">
   <subfield code="a">INST</subfield>
   <subfield code="b">UNIPILB</subfield>
   <subfield code="c">SERIALS</subfield>
   <subfield code="e">20120628</subfield>
   <subfield code="h">Αλφαβητική σειρά</subfield>
   <subfield code="p">75864</subfield>
   <subfield code="q">75864</subfield>
   <subfield code="t">LOAN</subfield>
   <subfield code="v">τεύχ.64:(Μήνας)Ιούλιος;(Έτος)2011</subfield>
   <subfield code="y">0</subfield>
  </datafield>
  <datafield tag="852" ind1=" " ind2=" ">
   <subfield code="a">INST</subfield>
   <subfield code="b">UNIPILB</subfield>
   <subfield code="c">SERIALS</subfield>
   <subfield code="e">20120628</subfield>
   <subfield code="h">Αλφαβητική σειρά</subfield>
   <subfield code="p">75865</subfield>
   <subfield code="q">75865</subfield>
   <subfield code="t">LOAN</subfield>
   <subfield code="v">no.64:(Μήνας)July;(Έτος)2011</subfield>
   <subfield code="y">0</subfield>
  </datafield>
  <datafield tag="852" ind1=" " ind2=" ">
   <subfield code="a">INST</subfield>
   <subfield code="b">UNIPILB</subfield>
   <subfield code="c">SERIALS</subfield>
   <subfield code="e">20120628</subfield>
   <subfield code="h">Αλφαβητική σειρά</subfield>
   <subfield code="p">75866</subfield>
   <subfield code="q">75866</subfield>
   <subfield code="t">LOAN</subfield>
   <subfield code="v">τεύχ.65:(Μήνας)Σεπτέμβριος;(Έτος)2011</subfield>
   <subfield code="y">0</subfield>
  </datafield>
  <datafield tag="852" ind1=" " ind2=" ">
   <subfield code="a">INST</subfield>
   <subfield code="b">UNIPILB</subfield>
   <subfield code="c">SERIALS</subfield>
   <subfield code="e">20120628</subfield>
   <subfield code="h">Αλφαβητική σειρά</subfield>
   <subfield code="p">75867</subfield>
   <subfield code="q">75867</subfield>
   <subfield code="t">LOAN</subfield>
   <subfield code="v">no.65:(Μήνας)September;(Έτος)2011</subfield>
   <subfield code="y">0</subfield>
  </datafield>
  <datafield tag="852" ind1=" " ind2=" ">
   <subfield code="a">INST</subfield>
   <subfield code="b">UNIPILB</subfield>
   <subfield code="c">SERIALS</subfield>
   <subfield code="e">20120628</subfield>
   <subfield code="h">Αλφαβητική σειρά</subfield>
   <subfield code="p">75868</subfield>
   <subfield code="q">75868</subfield>
   <subfield code="t">LOAN</subfield>
   <subfield code="v">τεύχ.66:(Μήνας)Δεκέμβριος;(Έτος)2011</subfield>
   <subfield code="y">0</subfield>
  </datafield>
  <datafield tag="852" ind1=" " ind2=" ">
   <subfield code="a">INST</subfield>
   <subfield code="b">UNIPILB</subfield>
   <subfield code="c">SERIALS</subfield>
   <subfield code="e">20120628</subfield>
   <subfield code="h">Αλφαβητική σειρά</subfield>
   <subfield code="p">75869</subfield>
   <subfield code="q">75869</subfield>
   <subfield code="t">LOAN</subfield>
   <subfield code="v">no.66:(Μήνας)December;(Έτος)2011</subfield>
   <subfield code="y">0</subfield>
  </datafield>
  <datafield tag="856" ind1="4" ind2="1">
   <subfield code="u">http://www.iobe.gr/</subfield>
  </datafield>
  <datafield tag="900" ind1=" " ind2=" ">
   <subfield code="a">Τχ. 67 (Μάρτιος 2012)</subfield>
   <subfield code="b">Οφειλόμενο</subfield>
   <subfield code="c">15/05/2013</subfield>
  </datafield>
  <datafield tag="950" ind1=" " ind2=" ">
   <subfield code="a">01/03/2011</subfield>
   <subfield code="c">ΔΩΡΕΑ ΠΕΡΙΟΔΙΚΩΝ</subfield>
   <subfield code="d">894</subfield>
  </datafield>
  <datafield tag="951" ind1=" " ind2=" ">
   <subfield code="a">No. 66 (December 2011)</subfield>
   <subfield code="b">Main run</subfield>
  </datafield>
  <datafield tag="951" ind1=" " ind2=" ">
   <subfield code="a">Τχ. 63 (Μάρτιος 2011) - Τχ. 64 (Ιούλιος 2011)</subfield>
   <subfield code="b">Main run</subfield>
  </datafield>
  <datafield tag="951" ind1=" " ind2=" ">
   <subfield code="a">No. 64 (July 2011)</subfield>
   <subfield code="b">Main run</subfield>
  </datafield>
  <datafield tag="951" ind1=" " ind2=" ">
   <subfield code="a">Τχ. 65 (Σεπτέμβριος 2011)</subfield>
   <subfield code="b">Main run</subfield>
  </datafield>
  <datafield tag="951" ind1=" " ind2=" ">
   <subfield code="a">No. 65 (September 2011)</subfield>
   <subfield code="b">Main run</subfield>
  </datafield>
  <datafield tag="951" ind1=" " ind2=" ">
   <subfield code="a">Τχ. 66 (Δεκέμβριος 2011)</subfield>
   <subfield code="b">Main run</subfield>
  </datafield>
 </record>
</collection>
